| 000 | 00456nam a2200181Ia 4500 | ||
|---|---|---|---|
| 008 | 240925s9999 xx 000 0 und d | ||
| 020 | _a71145079 | ||
| 082 | _a651.74 MUR | ||
| 100 | _aMurphy ,Herta A. | ||
| 245 | 0 | _aEffective Business Communications | |
| 250 | _a7th | ||
| 260 |
_aBoston: _bMC Graw-Hill _c,1997. |
||
| 300 |
_axviii,474p. _bNA _fOriginal |
||
| 500 | _aIncludes Index | ||
| 600 | _aManagement | ||
| 650 | _aManagement | ||
| 942 | _cBK | ||
| 999 |
_c11143 _d11143 |
||